Eastern Utah Libraries Catalog: Duchesne, Heber, Roosevelt, & Vernal

House of cards. the complete fourth season. (Record no. 323855)

MARC details
000 -LEADER
fixed length control field 03299cgm a2200757Mi 4500
001 - CONTROL NUMBER
control field ocn962220782
003 - CONTROL NUMBER IDENTIFIER
control field OCoLC
005 - DATE AND TIME OF LATEST TRANSACTION
control field 20251212103709.0
007 - PHYSICAL DESCRIPTION FIXED FIELD--GENERAL INFORMATION
fixed length control field vd cvaizq
008 - FIXED-LENGTH DATA ELEMENTS--GENERAL INFORMATION
fixed length control field 160617s2015 cau646 vleng d
024 1# - OTHER STANDARD IDENTIFIER
Standard number or code 043396475731
024 1# - OTHER STANDARD IDENTIFIER
Standard number or code 043396477766
024 7# - OTHER STANDARD IDENTIFIER
Standard number or code B01CT4CG10
Source of number or code Amazon
028 42 - PUBLISHER NUMBER
Publisher number 47573
Source Sony Pictures Home Entertainment
035 ## - SYSTEM CONTROL NUMBER
System control number (OCoLC)962220782
037 ## - SOURCE OF ACQUISITION
Source of stock number/acquisition Midwest Tape
Note http://www.midwesttapes.com
040 ## - CATALOGING SOURCE
Original cataloging agency AW3
Language of cataloging eng
Description conventions rda
Transcribing agency AW3
Modifying agency OCLCO
-- OCLCQ
-- FEM
-- AW3
-- OCLCO
-- OCLCF
-- OCLCQ
-- OCL
-- TXNES
-- LJW
-- OCL
-- PFLCL
-- OCLCQ
-- OCLCO
-- OCLCA
-- BYV
-- OCLCO
-- ZQP
-- OCLCO
-- WACOL
041 1# - LANGUAGE CODE
Language code of text/sound track or separate title eng
-- fre
Language code of original and/or intermediate translations of text eng
043 ## - GEOGRAPHIC AREA CODE
Geographic area code n-us---
-- n-us-dc
049 ## - LOCAL HOLDINGS (OCLC)
Holding library WACL
050 #4 - LIBRARY OF CONGRESS CALL NUMBER
Classification number PN1992.77
Item number .H68 2015
082 04 - DEWEY DECIMAL CLASSIFICATION NUMBER
Classification number 791.45/75
Edition number 23
082 04 - DEWEY DECIMAL CLASSIFICATION NUMBER
Classification number F House
092 ## - LOCALLY ASSIGNED DEWEY CALL NUMBER (OCLC)
Classification number DVD
Item number Hou
245 00 - TITLE STATEMENT
Title House of cards. the complete fourth season.
264 #1 - Production, Publication, Distribution, Manufacture, and Copyright Notice.
Place of production, publication, distribution, manufacture Culver City, CA :
Name of producer, publisher, distributor, manufacturer Sony Pictures Home Entertainment,
Date of production, publication, distribution, manufacture, or copyr [2015]
300 ## - PHYSICAL DESCRIPTION
Extent 4 videodiscs (approximately 646 min.) :
Other physical details sound, color ;
Dimensions 4 3/4 in.
336 ## - Content Type
Content type term two-dimensional moving image
337 ## - Media type
Media type term video
338 ## - Carrier type
Carrier type term videodisc
500 ## - GENERAL NOTE
General note Originally broadcast as single episodes of a television program.
500 ## - GENERAL NOTE
General note Widescreen (2.00:1).
505 0# - FORMATTED CONTENTS NOTE
Formatted contents note DISC 1: chapters 40-43 ; DISC 2: chapters 44-46 ; DISC 3: chapters 47-49 ; DISC 4 chapters 50-52.
511 1# - PARTICIPANT OR PERFORMER NOTE
Participant or performer note Kevin Spacey, Robin Wright, Michael Kelly, Jimmi Simpson, Rachel Brosnahan, Elizabeth Marvel, Monica Sanchez.
520 ## - SUMMARY, ETC.
Summary, etc They've always been a great team. But now, Frank and Claire become even greater adversaries as their marriage stumbles and their ambitions are at odds.
521 8# - TARGET AUDIENCE NOTE
Target audience note Rating: Not rated
-- CHV rating: 14A.
521 ## - TARGET AUDIENCE NOTE
Target audience note DVD
Source Amazon
538 ## - SYSTEM DETAILS NOTE
System details note DVD, region 1, widescreen (2.00:1); 5.1 Dolby digital.
546 ## - LANGUAGE NOTE
Language note English or French dialogue; Spanish, French, Korean, Portuguese, Chinese, Thai or English subtitles; subtitled for the deaf and hard of hearing.
650 #0 - SUBJECT ADDED ENTRY--TOPICAL TERM
Topical term or geographic name as entry element Political plays.
9 (RLIN) 89769
650 #0 - SUBJECT ADDED ENTRY--TOPICAL TERM
Topical term or geographic name as entry element Journalists
Form subdivision Drama.
9 (RLIN) 5700083
650 #0 - SUBJECT ADDED ENTRY--TOPICAL TERM
Topical term or geographic name as entry element Television series.
9 (RLIN) 6018224
650 #7 - SUBJECT ADDED ENTRY--TOPICAL TERM
Topical term or geographic name as entry element Journalists.
Source of heading or term fast
9 (RLIN) 6018225
650 #7 - SUBJECT ADDED ENTRY--TOPICAL TERM
Topical term or geographic name as entry element Political plays.
Source of heading or term fast
9 (RLIN) 89769
650 #7 - SUBJECT ADDED ENTRY--TOPICAL TERM
Topical term or geographic name as entry element Television series.
Source of heading or term fast
9 (RLIN) 6018224
650 #7 - SUBJECT ADDED ENTRY--TOPICAL TERM
Topical term or geographic name as entry element Marital conflict
General subdivision Drama.
Source of heading or term sears
9 (RLIN) 6557575
651 #0 - SUBJECT ADDED ENTRY--GEOGRAPHIC NAME
Geographic name Washington (D.C.)
Form subdivision Drama.
9 (RLIN) 5763614
651 #7 - SUBJECT ADDED ENTRY--GEOGRAPHIC NAME
Geographic name Washington (D.C.)
Source of heading or term fast
9 (RLIN) 6018227
651 #7 - SUBJECT ADDED ENTRY--GEOGRAPHIC NAME
Geographic name Washington, D.C.
General subdivision Drama.
Source of heading or term sears
9 (RLIN) 6557576
655 #4 - INDEX TERM--GENRE/FORM
Genre/form data or focus term Comedy films.
9 (RLIN) 102658
655 #4 - INDEX TERM--GENRE/FORM
Genre/form data or focus term Television series.
9 (RLIN) 5674288
655 #4 - INDEX TERM--GENRE/FORM
Genre/form data or focus term Television adaptations.
9 (RLIN) 5685124
655 #7 - INDEX TERM--GENRE/FORM
Genre/form data or focus term Political television programs.
Source of term lcgft
9 (RLIN) 5763615
655 #7 - INDEX TERM--GENRE/FORM
Genre/form data or focus term Fiction television programs.
Source of term lcgft
9 (RLIN) 5673656
655 #7 - INDEX TERM--GENRE/FORM
Genre/form data or focus term Television series.
Source of term lcgft
9 (RLIN) 5674288
655 #7 - INDEX TERM--GENRE/FORM
Genre/form data or focus term Video recordings for the hearing impaired.
Source of term lcgft
9 (RLIN) 6018231
655 #7 - INDEX TERM--GENRE/FORM
Genre/form data or focus term Drama.
Source of term fast
9 (RLIN) 5673873
655 #7 - INDEX TERM--GENRE/FORM
Genre/form data or focus term Feature films.
Source of term fast
9 (RLIN) 6018233
655 #7 - INDEX TERM--GENRE/FORM
Genre/form data or focus term Video recordings for the hearing impaired.
Source of term fast
9 (RLIN) 6018231
700 1# - ADDED ENTRY--PERSONAL NAME
Personal name Spacey, Kevin,
Relator term actor.
9 (RLIN) 60523
700 1# - ADDED ENTRY--PERSONAL NAME
Personal name Wright, Robin,
Dates associated with a name 1966-
Relator term actor.
9 (RLIN) 38342
700 1# - ADDED ENTRY--PERSONAL NAME
Personal name Kelly, Michael,
Dates associated with a name 1969-
Relator term actor.
9 (RLIN) 5890777
700 1# - ADDED ENTRY--PERSONAL NAME
Personal name Simpson, Jimmi,
Relator term actor.
9 (RLIN) 6018236
942 ## - ADDED ENTRY ELEMENTS (KOHA)
Koha item type DVD
Source of classification or shelving scheme Dewey Decimal Classification
948 ## - LOCAL PROCESSING INFORMATION (OCLC); SERIES PART DESIGNATOR (RLIN)
Series part designator, SPT (RLIN) 01/27/2020
b (OCLC) 01/28/2020
z (OCLC) Sirsi
Holdings
Withdrawn status Lost status Source of classification or shelving scheme Materials specified (bound volume or other part) Damaged status Not for loan Collection code Home library Current library Shelving location Date acquired Source of acquisition Cost, normal purchase price Total Checkouts Full call number Barcode Date last seen Date checked out Cost, replacement price Price effective from Koha item type
    Dewey Decimal Classification .CIRCNOTE. 4 discs     Television Series Wasatch County Library Wasatch County Library Audio Visual Area 01/28/2020 Amazon 18.13 2 TV Series House of Cards #4 34301001675950 03/07/2026 02/28/2026 18.13 03/20/2020 DVD Series
This project was made possible through a grant from the Institute of Museum and Library Service administered by the Utah State Library Division.

Wasatch County Library

  • 465 East 1200 South, Heber City, Utah 84032
  • Phone 435-654-1511 | Fax 435-654-6456

Hours

  • Monday - Friday 9:30 AM - 8:00 PM
  • Saturday 9:30 AM - 1:30 PM
  • Closed Sundays and Holidays